000 02614nas a2200277 454500
001 37183
005 20260407193509.0
008 260407s1979####ag###########|||spa#d
003 AR-UNSa-BCEJYS
040 _aAR-UNSa-BCEJYS
_bspa
_cAR-UNSa-BCEJYS
080 _a330.101
_xCiencia económica en general. La economía y sus problemas. Objeto y métodos de la economía política
245 1 0 _aAnales de la Asociación Argentina de Economía Política
_preunión anual
264 1 _aBuenos Aires :
_bAAEP (Asociación Argentina de Economía Política)
_c1979
310 _aFrecuencia: Anual Reunión Anual X: Universidad Nacional de Mar del Plata. Facultad de Ciencias Económicas Reunión Anual XIII: Universidad Nacional de Río Cuarto. Facultad de Ciencias Económicas Reunión Anual XIV: Universidad Nacional de Cuyo. Facultad de Ciencias Económicas Reunión Anual XV: Universidad Nacional de Mar del Plata. Facultad de Ciencias Económicas y Sociales Reunión Anual XVIII: Universidad Nacional de Tucumán. Facultad de Ciencias Económicas Reunión Anual XIX: Universidad Nacional de Misiones. Facultad de Ciencias Económicas Reunión Anual XX: Universidad Nacional de Cuyo. Facultad de Ciencias Económicas Reunión Anual XXI: Universidad Nacional de Salta. Facultad de Ciencias Económicas, Jurídicas y Sociales Reunión Anual XXII: Universidad Nacional de Córdoba. Facultad de Ciencias Económicas Reunión Anual XXIII: Universidad Nacional de La Plata. Facultad de Ciencias Económicas Y Estadísticas Reunión Anual XXV: Universidad Nacional del Sur Reunión Anual XXVI: Universidad Católica de Santiago del Estero. Facultad de Ciencias Económicas Reunión Anual XXVII: Universidad de San Andrés Reunión Anual XXVIII: Universidad Nacional de Tucumán. Facultad de Ciencias Económicas Reunión Anual XXIX: Universidad Nacional de La Plata. Facultad de Ciencias Económicas Reunión Anual XXX: Universidad Nacional de Río Cuarto. Facultad de Ciencias Económicas Reunión Anual XXXII: Universidad Nacional del Sur. Departamento de Economía Reunión Anual XXXV: Universidad Nacional de Córdoba. Facultad de Ciencias Económicas
041 _aspa
942 _cSER
590 _aniveau_biblio:s niveau_hierar:1
100 1 _aAsociación Argentina de Economía Política (AAEP)
650 _aEMPRESAS
650 _aInflación
650 _aPolítica monetaria
650 _aPlanificación económica
650 _aMacroeconomía
650 _aECONOMIA POLITICA
856 4 1 _uhttps://170.210.207.44/pmb/images/revistas/asicArgEconimia.jpg
_yImagen de portada
_qimage/jpeg
999 _c8809
_d8809